000 00814nam a2200265 a 4500
001 000036824
003 DO-SdBNP
005 20170524123417.0
007 000036824
008 090821s2009 dr 000 j spa d
020 _a9789945870206
040 _aBPMSU
_bspa
_cBPMSU
082 0 4 _aH463.44
_bV468c
100 1 _aVentura, Abel,
_d1954-
245 1 0 _aCuentos latinoamericanos I :
_banílisis /
_cAbel Ventura.
260 _aSan Francisco de Macorís :
_bRinosa
_c2009.
300 _a20 p. ;
_c21 cm.
590 _aLa biblioteca posee 3 ejemplares autografíados por el autor.
650 4 _aCUENTOS LATINOAMERICANO
650 4 _aLITERATURA LATINOAMERICANA
900 _6Reusar registro
910 _aValidado. Control de calidad MFF
942 _2ddc
_cBK
956 _aVMATEO
_b10
_c20150923
_lBPMSU
_h0069
999 _c7292
_d7292